000 00517nam a22001697a 4500
999 _c64002
_d64002
005 20260306151213.0
008 260306s1998 enk||||| |||| 00| 0 eng d
020 _a9780520021549x
041 _aeng
080 _a316.35(520) N-18
100 _aNakane,Chie
_927073
245 _aJapanese Society /
_cChie Nakane.
264 _aBerkeley :
_bUniversity of California Press,
_c1998.
300 _a160 p.;
_b22 cm.
653 _aიაპონური საზოგადოება
942 _2udc
_cᲬᲘᲒᲜᲘ